| 000 | 00777nas a2200253 4500 | ||
|---|---|---|---|
| 001 | BR2014000434 | ||
| 003 | BR-BrBNA | ||
| 005 | 20231205123613.0 | ||
| 007 | ta | ||
| 008 | 230509b bl.|||p| |||| 00| 00por d | ||
| 040 |
_aBR-BrBNA _bpor _cBiblioteca Nacional de Agricultura |
||
| 041 | _a(Pt) | ||
| 072 | _aF63 | ||
| 100 | 1 | _aMelazzo, A.F. de O. | |
| 100 | 1 | _aOliveira, P.E. | |
| 245 | 1 | _aCuphea melvilla Lindlay (Lythraceae): uma espécie do cerrado polinizada por beija-flores | |
| 650 | _aLYTHRACEAE | ||
| 650 | _aBEIJA-FLOR | ||
| 650 | _aPOLINIZAÇÃO | ||
| 650 | _aCERRADO | ||
| 773 | 0 |
_tActa Botanica Brasilica (Brazil) _xISSN 0102-3306 _g(Apr-Jun 2012), v. 26(2) p. 281-289 _wBR2014000434 |
|
| 909 |
_a202311 _bLúcia _c55 _dLúcia Elande |
||
| 942 |
_2AGRIS _n0 _cANA |
||
| 999 |
_c234739 _d234739 |
||